Countries with Most Airports Quiz Stats

 Plays Quiz Updated Nov 16, 2017

Support Sporcle.
Go Orange.
Score 0/25 Timer 06:00
5 Plays Today
Rank Country % Correct
1.United States
99.8%
14.China
98%
4.Canada
96.6%
5.Russia
96.5%
17.France
95.4%
2.Brazil
94.5%
3.Mexico
94%
13.Germany
93.7%
18.United Kingdom
93.5%
16.Australia
89.2%
21.India
87.9%
6.Argentina
85.6%
11.South Africa
80.2%
Rank Country % Correct
15.Chile
75.8%
10.Indonesia
61.6%
25.Sweden
61.6%
8.Colombia
59.5%
22.Iran
59.3%
19.Venezuela
54.5%
7.Bolivia
45.1%
9.Paraguay
44%
20.Ecuador
39.1%
24.Philippines
37%
23.Guatemala
15.9%
12.Papua New Guinea
10.8%

You're not logged in!

Compare scores with friends on all Sporcle quizzes.
OR
Log In

From the Vault

Indo-European Counting Puzzle

by Scuadrado

We're counting on you to crack this one.
Remove Ads.
Support Sporcle.
Get the best of Sporcle when you Go Orange. This ad-free experience offers more features, more stats, and more fun while also helping to support Sporcle. Thank you for becoming a member.

Show Comments

Extras

Top Quizzes Today


Score Distribution

Your Account Isn't Verified!

In order to create a playlist on Sporcle, you need to verify the email address you used during registration. Go to your Sporcle Settings to finish the process.

Report this User

Report this user for behavior that violates our Community Guidelines.

Details: